[Event "Kasparov Cup op"]
[Site "Moscow"]
[Date "1996.??.??"]
[Round "3"]
[White "Perunovic, Milos"]
[Black "Kostin, Sergei"]
[Result "1-0"]
[WhiteElo "2105"]
[BlackElo "2195"]

1.e4 c5 2.Nf3 d6 3.d4 cxd4 4.Nxd4 Nf6 5.Nc3 a6 6.Be3 e5 7.Nb3 Be6 8.Qd2 Be7
9.f3 O-O 10.O-O-O a5 11.Bb5 Nc6 12.g4 Na7 13.g5 Nh5 14.Be2 a4 15.Nxa4 Nc6
16.Nc3 Na5 17.Kb1 Nc4 18.Bxc4 Bxc4 19.Nd5 Ra6 20.Qb4 b5 21.Rhg1 Qd7 22.a3 Rb8
23.Qc3 Be2 24.Rd2 Bxf3 25.Nc5 dxc5 26.Nf6+ Nxf6 27.gxf6 Qxd2 28.Rxg7+ Kh8
29.Bxd2 Rxf6 30.Qxe5 Kxg7 31.Qxb8 Rg6 32.Bc3+ f6 33.e5 Rg1+ 34.Ka2 Bd5+ 35.b3 f5
36.Qe8 Bg5 37.Qd7+  1-0

[Event "Moscow Alekhine op"]
[Site "Moscow"]
[Date "1996.??.??"]
[Round "8"]
[White "Korneev, Oleg"]
[Black "Vaulin, Alexander"]
[Result "1-0"]
[WhiteElo "2590"]
[BlackElo "2480"]

1.e4 c5 2.Nf3 d6 3.d4 cxd4 4.Nxd4 Nf6 5.Nc3 a6 6.Be3 e5 7.Nb3 Be7 8.f3 O-O
9.Qd2 Be6 10.O-O-O a5 11.Bb5 Na6 12.Qe2 Nc7 13.Nc5 Nxb5 14.Qxb5 Qc8 15.Nxe6 fxe6
16.Rd3 Qc6 17.Rhd1 Kf7 18.a4 Rfc8 19.Kb1 h6 20.h4 Qxb5 21.axb5 a4 22.g4 h5
23.g5 Nd7 24.f4 exf4 25.Bxf4 e5 26.Be3 Ke6 27.Nd5 Bf8 28.Bb6 Nc5 29.Re3 Be7
30.Nc7+ Rxc7 31.Bxc7 Rf8 32.Bb6 Nd7 33.Ba5 Rf4 34.Bb4 Rxh4 35.Bxd6 Bxg5 36.Rc3 Nf6
37.Rc7 Nxe4 38.Ba3 Nd2+ 39.Ka2 Rc4 40.Rxg7 Be3 41.Rxb7 Rxc2 42.b6 Rc6 43.Re7+ Kf6
44.b7 Rb6 45.Rc1  1-0

[Event "Moscow-ch"]
[Site "Moscow"]
[Date "1996.??.??"]
[Round "11"]
[White "Guliev, Logman"]
[Black "Mitenkov, Alexey"]
[Result "1/2-1/2"]
[WhiteElo "2360"]
[BlackElo "2470"]

1.e4 c5 2.Nf3 d6 3.d4 cxd4 4.Nxd4 Nf6 5.Nc3 a6 6.Be3 e5 7.Nf3 Qc7 8.a4 Be7
9.Be2 O-O 10.O-O Be6 11.a5 Nbd7 12.Ng5 Rfe8 13.Qd3 Rac8 14.Nxe6 fxe6 15.Rfd1 Bf8
16.g3 Nc5 17.Bxc5 Qxc5 18.Bf3 Rc7 19.Bg2 g6 20.Ra4 h5 21.Bh3 Kh7 22.Kh1 g5
23.f3 g4 24.Bg2 gxf3 25.Bxf3 Rg7 26.Qc4 Qe3 27.Qe2 Qh6 28.Raa1 Be7 29.Qd2 Qg6
30.Rf1 Reg8 31.Rf2 h4 32.Rg2 Qh6 33.Qxh6+ Kxh6 34.Rag1 Bd8 35.gxh4 Bxa5 36.Rxg7 Rxg7
37.Rxg7 Kxg7 38.Ne2 d5 39.Ng3 Kg6 40.Kg2 Bd2 41.Be2 Bc1 42.b3 dxe4 43.Nxe4 Nxe4  1/2-1/2

[Event "Neuchatel op"]
[Site "Neuchatel"]
[Date "1996.??.??"]
[Round "5"]
[White "Sziebert, Adam"]
[Black "Gallagher, Joseph G"]
[Result "0-1"]
[WhiteElo "2325"]
[BlackElo "2525"]

1.e4 c5 2.Nf3 d6 3.d4 cxd4 4.Nxd4 Nf6 5.Nc3 a6 6.Be3 e5 7.Nb3 Be7 8.f3 Be6
9.Qd2 O-O 10.O-O-O b5 11.Kb1 b4 12.Nd5 Bxd5 13.exd5 a5 14.g4 Qc7 15.g5 Nfd7
16.h4 Na6 17.h5 a4 18.Nc1 Ndc5 19.Bh3 f5 20.g6 f4 21.Bxc5 Nxc5 22.h6 hxg6
23.Rdg1 g5 24.Nd3 gxh6 25.Qh2 Kg7 26.Bf5 Rh8 27.Qh5 Rag8 28.Nxc5 Qxc5 29.Qg6+ Kf8
30.Qe6 a3 31.Rd1 Qf2 32.Rxh6 Rxh6 33.Qxh6+ Ke8 34.Qe6 Kf8 35.Rh1 Bd8 36.Bg6 Qf1+
37.Rxf1 Rxg6 38.Qxg6 b3  0-1

[Event "JUG-ch op"]
[Site "Nis"]
[Date "1996.??.??"]
[Round "1"]
[White "Rolj, Petar"]
[Black "Sahovic, Dragutin"]
[Result "1/2-1/2"]
[WhiteElo "2115"]
[BlackElo "2405"]

1.e4 c5 2.Nf3 d6 3.d4 cxd4 4.Nxd4 Nf6 5.Nc3 a6 6.Be3 Ng4 7.Bc1 Nc6 8.Nxc6 bxc6
9.Be2 Nf6 10.O-O e6 11.f4 d5 12.e5 Nd7 13.Kh1 Be7 14.Bd3 g6 15.Ne2 O-O 16.c3 c5
17.Bc2 Rb8 18.Ng3 f6 19.Qg4 f5 20.Qd1 a5 21.Rb1 Qc7 22.Bb3 Ba6 23.Re1 Nb6
24.Nf1 Qc6 25.Nd2 Bh4 26.Re3 a4 27.Bc2 Be7 28.Rh3 Rfd8 29.Nf3 d4 30.cxd4 cxd4
31.Bd3 Bxd3 32.Qxd3 Qe4 33.Ng1 Nd5 34.Bd2 Bb4 35.Bc1 h5 36.Rg3 Kf7 37.Nh3 Qxd3
38.Rxd3 Bc5 39.a3 Rb5 40.b4 axb3 41.Rdxb3 Rxb3 42.Rxb3 Rc8 43.Bd2 Bb6 44.g3 Rc2
45.Rd3 Ke8 46.Ng5 Kd7 47.Nf3 Rc4 48.Nh4 Rc3 49.Bxc3 dxc3 50.Rd1 Be3 51.Ng2 Bd2
52.Ne1 Kc6 53.Rb1 Kc5 54.Kg2 Bxe1 55.Rxe1 Kc4 56.Kf2 Kb3 57.Ke2 Kxa3 58.Kd3 Kb2
59.Kc4 c2 60.Kc5 g5 61.fxg5 f4 62.gxf4 Nxf4 63.Kd6 h4 64.Rf1 h3 65.Ke7 c1=Q
66.Rxc1 Kxc1 67.Kf6 Kd2 68.g6 Nxg6 69.Kxg6  1/2-1/2

[Event "JUG-ch op"]
[Site "Nis"]
[Date "1996.??.??"]
[Round "3"]
[White "Dutreeuw, Marc"]
[Black "Ilincic, Zlatko"]
[Result "1/2-1/2"]
[WhiteElo "2385"]
[BlackElo "2555"]

1.e4 c5 2.Nf3 d6 3.d4 cxd4 4.Nxd4 Nf6 5.Nc3 a6 6.Be3 e6 7.a4 b6 8.g4 Bb7
9.Bg2 h6 10.Qe2 Nbd7 11.Rd1 Rc8 12.Bc1 g5 13.h4 Rg8 14.hxg5 hxg5 15.Rd3 Rc4
16.Nb3 Ne5 17.Rdh3 Qc7 18.Rh8 Rg6 19.R1h3 Ke7 20.Rg3 Nfd7 21.Rh7 Bg7 22.Kf1 Bf6
23.Kg1 Rg8 24.Bf1 Rb4 25.Bd2 Nf8 26.Rh6 Nfg6 27.Nb5 axb5 28.Bxb4 Nf4 29.Qe3 Bg7
30.Rh2 Nc6 31.Bc3 bxa4 32.Bxg7 axb3 33.Bc3 bxc2 34.f3 Nb4 35.Qc1 Na2 36.Qxc2 Rc8
37.Qb3 Nxc3 38.bxc3 Qxc3 39.Qxc3 Rxc3 40.Rb2 Bxe4 41.Kf2 Bd3 42.Rd2 b5 43.Bxd3 Nxd3+
44.Ke2 Nf4+ 45.Kd1 b4 46.Rd4 b3 47.Rb4 Kd7 48.Rg1 Kc6 49.Rf1 Kc5 50.Rb7 Kd4  1/2-1/2

[Event "JUG-chT (Women)"]
[Site "Novi Sad"]
[Date "1996.??.??"]
[Round "?"]
[White "Strizak, Natasa"]
[Black "Benderac, Ana"]
[Result "1-0"]
[WhiteElo "2190"]
[BlackElo "2125"]

1.e4 c5 2.Nf3 d6 3.d4 Nf6 4.Nc3 cxd4 5.Nxd4 a6 6.Be3 Nbd7 7.f3 Qc7 8.Qd2 b5
9.O-O-O Bb7 10.g4 Ne5 11.g5 Nfd7 12.f4 Nc4 13.Bxc4 Qxc4 14.b3 Qb4 15.Rhe1 Rc8
16.Nde2 e6 17.Kb2 Qa5 18.Ng3 d5 19.Nb1 Qxd2 20.Bxd2 Bc5 21.e5 Bd4+ 22.Bc3 Bxc3+
23.Nxc3 g6 24.h4 h5 25.Nce2 Ke7 26.Rd2 Rc7 27.Nd4 Nb8 28.Re3 Nc6 29.Nxc6+ Rxc6
30.Ne2 Rc7 31.Rc3 Rhc8 32.Rxc7+ Rxc7 33.Nd4 b4 34.a3 bxa3+ 35.Kxa3 Rc3 36.Rd3 Rxd3
37.cxd3 Kd7 38.Kb4 Kc7 39.Ka5 Bc8 40.b4 Kb7 41.Nb3 Ka7 42.Nc5 Bb7 43.d4 Bc8
44.b5 axb5 45.Kxb5 Bb7 46.Nd7 Ba8 47.Kc5 Ka6 48.Nf8  1-0

[Event "Oberwart op"]
[Site "Oberwart"]
[Date "1996.??.??"]
[Round "1"]
[White "Seidl, Reinhard"]
[Black "Alvir, Aco"]
[Result "0-1"]
[WhiteElo "1900"]
[BlackElo "2355"]

1.e4 c5 2.Nf3 d6 3.d4 cxd4 4.Nxd4 Nf6 5.Nc3 a6 6.Be3 e6 7.Qd2 b5 8.f3 Bb7
9.O-O-O Nbd7 10.Kb1 d5 11.exd5 Nxd5 12.Nxd5 Bxd5 13.Be2 Be7 14.g4 O-O 15.g5 Ne5
16.b3 Qc7 17.Rhf1 Rfd8 18.f4 Nc6 19.Qc1 Rac8 20.Nxc6 Qxc6 21.Bd3 a5 22.h4 a4
23.f5 axb3 24.axb3 Qa6 25.Qb2 Bg2 26.Rg1 Bf3 27.Rdf1 Bb4 28.Bc1 Bc3 29.Qa3 Qb7
30.Bb2 Be4 31.fxe6 fxe6 32.Bxe4 Qxe4 33.h5 b4  0-1

[Event "Oberwart op"]
[Site "Oberwart"]
[Date "1996.??.??"]
[Round "5"]
[White "Hamberger, Hermann"]
[Black "Ruck, Robert"]
[Result "1/2-1/2"]
[WhiteElo "2220"]
[BlackElo "2465"]

1.e4 c5 2.Nf3 d6 3.d4 cxd4 4.Nxd4 Nf6 5.Nc3 a6 6.Be3 Ng4 7.Bg5 h6 8.Bh4 g5
9.Be2 Bg7 10.Nb3 Bxc3+ 11.bxc3 Nf6 12.e5 dxe5 13.Qxd8+ Kxd8 14.O-O-O+ Ke8
15.Bg3 Nc6 16.Rhe1 Bf5 17.Nc5 Ne4 18.Nxe4 Bxe4 19.Bf1 Bf5 20.Bxe5 Nxe5 21.Rxe5 Be6
22.Kb2 Rd8 23.Rd4 Bd7 24.Bd3 Bc6 25.Be4 Bxe4 26.Rexe4 Rd7 27.Rb4 e6 28.Red4 Re7
29.Rd6 f5 30.Rdb6 Rhh7 31.c4 e5 32.c5  1/2-1/2

[Event "RUS-Cup3"]
[Site "Omsk"]
[Date "1996.??.??"]
[Round "2"]
[White "Khachian, Melikset"]
[Black "Sadvakasov, Darmen"]
[Result "1/2-1/2"]
[WhiteElo "2480"]
[BlackElo "2360"]

1.e4 c5 2.Nf3 d6 3.d4 cxd4 4.Nxd4 Nf6 5.Nc3 a6 6.Be3 e5 7.Nb3 Be6 8.Qd2 Nbd7
9.f3 h5 10.O-O-O b5 11.Nd5 Nxd5 12.exd5 Bf5 13.Kb1 Rc8 14.Bd3 Bxd3 15.cxd3 Be7
16.Na5 Nf6 17.d4 Nxd5 18.dxe5 Nxe3 19.Qxe3 O-O 20.Nb7 Qc7 21.Nxd6 Bxd6 22.exd6 Qc2+
23.Ka1 Rfe8 24.Qd4 Re2 25.d7 Rd8 26.Rc1 Qd2 27.Rhd1 Qxd4 28.Rxd4 Kf8 29.a4 bxa4
30.h4 Rxg2 31.Re1 f6 32.Ka2 Rc2 33.Ka3 Rc7 34.Red1 Ke7 35.Re1+ Kf7 36.Red1 Rb7
37.R1d3 Rb3+ 38.Kxa4 Rxb2 39.Ka5 Rb1 40.f4 g6 41.Rc3 Rb7 42.Rcd3 Ke6 43.Re3+ Kf7
44.Red3 Rb2 45.Rc3 Rb7  1/2-1/2

[Event "RUS-Cup3"]
[Site "Omsk"]
[Date "1996.??.??"]
[Round "3"]
[White "Korneev, Oleg"]
[Black "Purtov, Andrei"]
[Result "1-0"]
[WhiteElo "2565"]
[BlackElo "2400"]

1.e4 c5 2.Nf3 d6 3.d4 cxd4 4.Nxd4 Nf6 5.Nc3 a6 6.Be3 e6 7.g4 b5 8.g5 Nfd7
9.a3 Nb6 10.h4 N8d7 11.f4 Qc7 12.Qd2 Nc5 13.O-O-O Bb7 14.Bd3 Rc8 15.Kb1 Nba4
16.Nde2 Be7 17.Rhf1 Nxd3 18.cxd3 Nc5 19.f5 Qd7 20.Bd4 Nb3 21.Qc2 Nxd4 22.Nxd4 Bd8
23.fxe6 fxe6 24.Qb3 e5 25.Nf5 Ba5 26.Nd5 Rc5 27.d4 Bxd5 28.exd5 Rc4 29.Qg3 g6
30.Nh6 b4 31.dxe5 bxa3 32.exd6 axb2 33.Qe5+ Kd8  1-0

[Event "Komercni Banka op"]
[Site "Pardubice"]
[Date "1996.??.??"]
[Round "1"]
[White "Maros, Milan"]
[Black "Vaulin, Alexander"]
[Result "0-1"]
[WhiteElo "2255"]
[BlackElo "2485"]

1.e4 c5 2.Nf3 d6 3.d4 cxd4 4.Nxd4 Nf6 5.Nc3 a6 6.Be3 e5 7.Nb3 Be7 8.f3 Be6
9.Qd2 O-O 10.O-O-O b5 11.g4 Nbd7 12.g5 b4 13.Ne2 Nh5 14.Kb1 a5 15.Ng3 Nf4
16.Bxf4 exf4 17.Qxf4 Bxg5 18.Qxd6 Qf6 19.Be2 a4 20.Nc5 Nxc5 21.Qxc5 Rfc8
22.Qd4 b3 23.cxb3 Rc1+  0-1

[Event "Komercni Banka op"]
[Site "Pardubice"]
[Date "1996.??.??"]
[Round "3"]
[White "Votava, Jan"]
[Black "Fokin, Sergey"]
[Result "0-1"]
[WhiteElo "2545"]
[BlackElo "2380"]

1.e4 c5 2.Nf3 d6 3.d4 cxd4 4.Nxd4 Nf6 5.Nc3 a6 6.Be3 e6 7.g4 h6 8.f4 e5 9.Nf5 Nc6
10.h3 g6 11.Ng3 exf4 12.Bxf4 Be6 13.Qd2 Ne5 14.O-O-O Qc7 15.Be2 O-O-O 16.Rhf1 Bg7
17.Kb1 Kb8 18.Qd4 Rhe8 19.Qb4 Ka8 20.Be3 Rd7 21.Na4 Kb8 22.Bxa6 Nc6 23.Qb5 Na7
24.Qb6 Qxb6 25.Nxb6 bxa6 26.Nxd7+ Nxd7 27.Rxd6 Ne5 28.Rb6+ Ka8 29.Rxa6 Nc6
30.Rf3 Kb7 31.Ra4 Nb5 32.Ne2 Rd8 33.Rf1 g5 34.Kc1 Nbd4 35.Nc3 Be5 36.Nd5 f6
37.c3 Ne2+ 38.Kc2 Ng3 39.Rd1 Nxe4 40.Nb4 Rxd1 41.Kxd1 Nd6 42.Kc2 Bc4 43.Nxc6 Kxc6
44.Rb4 Bf1 45.a4 Nc4 46.Bd4 Bd6 47.Rb5 Bxh3 48.Bxf6 Ne3+ 49.Kd2 Bf4 50.Bd4 Nf5+
51.Kc2 Nxd4+ 52.cxd4 Bxg4 53.d5+ Kc7 54.a5 Bc8 55.Rc5+ Kb8 56.Kd3 h5 57.d6 h4
58.Rb5+ Ka7 59.Rd5 Bd7 60.Rc5 Ka6 61.Rc7 Bb5+ 62.Ke4 Bxd6 63.Rg7 Bc6+ 64.Kf5 h3  0-1

[Event "Komercni Banka op"]
[Site "Pardubice"]
[Date "1996.??.??"]
[Round "8"]
[White "Gorjatchev, Victor"]
[Black "Hybl, Jaroslav"]
[Result "1-0"]
[WhiteElo "2370"]
[BlackElo "2235"]

1.e4 c5 2.Nf3 d6 3.d4 cxd4 4.Nxd4 Nf6 5.Nc3 a6 6.Be3 e6 7.f3 b5 8.Qd2 Nbd7
9.g4 h6 10.O-O-O Bb7 11.h4 b4 12.Nce2 d5 13.Ng3 dxe4 14.fxe4 Nxg4 15.Be2 Nxe3
16.Nxe6 Qc8 17.Qxe3 fxe6 18.Bh5+ Kd8 19.Qb6+ Ke7 20.Rhf1  1-0

[Event "Paris op"]
[Site "Paris"]
[Date "1996.??.??"]
[Round "1"]
[White "Agnos, Demetrios"]
[Black "Marcantoni, Herve"]
[Result "1/2-1/2"]
[WhiteElo "2460"]
[BlackElo "2305"]

1.e4 c5 2.Nf3 d6 3.d4 cxd4 4.Nxd4 Nf6 5.Nc3 a6 6.Be3 e5 7.Nb3 Be6 8.Qd2 Be7
9.f3 O-O 10.O-O-O a5 11.a4 Nc6 12.Qf2 Qc8 13.Kb1 Nb4 14.Bg5 Rd8 15.h4 d5
16.exd5 Nfxd5 17.Nxd5 Nxd5 18.Bxe7 Nc3+ 19.bxc3 Rxd1+ 20.Kb2 b5 21.Qe2 Qd7
22.Qe4 Bd5 23.Qxe5 Bxb3 24.Bxb5 Qd2 25.Qe4 Qc1+ 26.Kxb3 Qb1+ 27.Ka3 Qa1+
28.Kb3 Qb1+  1/2-1/2

[Event "St Petersburg-Paris"]
[Site "Paris"]
[Date "1996.??.??"]
[Round "3"]
[White "Tirard, Hugo"]
[Black "Nepomnishay, Mikhail I"]
[Result "1-0"]
[WhiteElo "2365"]
[BlackElo "2470"]

1.e4 c5 2.Nf3 d6 3.d4 cxd4 4.Nxd4 Nf6 5.Nc3 a6 6.Be3 e6 7.f3 b5 8.g4 h6 9.h4 b4
10.Na4 Bd7 11.c4 Qa5 12.b3 g6 13.Rc1 Bxa4 14.bxa4 Nfd7 15.Be2 Bg7 16.O-O O-O
17.Qd2 Qc7 18.Bxh6 d5 19.Kg2 dxe4 20.Bxg7 Kxg7 21.h5 e5 22.Nb3 Nc6 23.fxe4 Rad8
24.Qg5 Nd4 25.Nxd4 exd4 26.Bd3 Ne5 27.Qf6+ Kh7 28.hxg6+ Nxg6 29.e5 Kg8 30.Bxg6 fxg6
31.Qxg6+ Qg7 32.Qe6+ Rf7 33.Rf6 Qh7 34.Rg6+ Kf8 35.Rh1  1-0

[Event "Paris op"]
[Site "Paris"]
[Date "1996.??.??"]
[Round "3"]
[White "Varavin, Viktor"]
[Black "Marcantoni, Herve"]
[Result "1-0"]
[WhiteElo "2515"]
[BlackElo "2305"]

1.e4 c5 2.Nf3 d6 3.d4 cxd4 4.Nxd4 Nf6 5.Nc3 a6 6.Be3 e5 7.Nb3 Be7 8.f3 O-O
9.Qd2 Be6 10.O-O-O a5 11.a4 Nc6 12.g4 Nb4 13.g5 Nd7 14.Rg1 Nb6 15.f4 exf4
16.Bxf4 Qc8 17.Nd4 g6 18.Nxe6 fxe6 19.Bxd6 Bxd6 20.Qxd6 Nxa4 21.Qd4 Rf3 22.Rg3 Nxc3
23.bxc3 Nc6 24.Qd6 Rxg3 25.hxg3 Qe8 26.Bc4 Rd8 27.Bxe6+ Kg7 28.Qc7+ Kh8 29.Rd5 Qxe6
30.Rxd8+ Nxd8 31.Qxd8+ Kg7 32.Qc7+ Qf7 33.Qe5+ Kg8 34.Qxa5 Qe7 35.Qd5+ Kg7
36.Qd4+ Kg8 37.Qc4+ Kg7 38.Qd4+ Kg8 39.Qd5+ Kg7 40.Kb2 Qc7 41.Qd4+ Kg8 42.e5  1-0

[Event "Paris op"]
[Site "Paris"]
[Date "1996.??.??"]
[Round "5"]
[White "Varavin, Viktor"]
[Black "Sulipa, Aleksandar"]
[Result "1-0"]
[WhiteElo "2515"]
[BlackElo "2430"]

1.e4 c5 2.Nf3 d6 3.d4 cxd4 4.Nxd4 Nf6 5.Nc3 a6 6.Be3 e6 7.f3 Nc6 8.Qd2 Be7
9.O-O-O O-O 10.g4 Nd7 11.h4 Nxd4 12.Bxd4 b5 13.g5 Bb7 14.Kb1 Rc8 15.g6 b4
16.Ne2 hxg6 17.h5 e5 18.Be3 Nf6 19.Ng3 d5 20.Qg2 Qc7 21.h6 Rfd8 22.hxg7 dxe4
23.Rxd8+ Rxd8 24.Nf5 Rd1+ 25.Bc1  1-0

[Event "Pico City op"]
[Site "Pico City"]
[Date "1996.??.??"]
[Round "2"]
[White "Kanefsck, Gustavo"]
[Black "Sorokin, Maxim"]
[Result "0-1"]
[WhiteElo "2315"]
[BlackElo "2550"]

1.e4 c5 2.Nf3 d6 3.d4 cxd4 4.Nxd4 Nf6 5.Nc3 a6 6.Be3 Ng4 7.Bg5 h6 8.Bh4 g5
9.Bg3 Bg7 10.Be2 h5 11.h4 Nc6 12.Nb3 gxh4 13.Rxh4 Be6 14.Qd2 Qb6 15.Bxg4 hxg4
16.Rxh8+ Bxh8 17.O-O-O Rc8 18.Rh1 Bxc3 19.bxc3 Qb5 20.a4 Qc4 21.e5 d5 22.Qe3 d4
23.Nxd4 Nxd4 24.Rh8+ Kd7 25.Rxc8 Ne2+ 26.Kd2 Kxc8 27.Qxe2 Qxa4 28.Qe3 Bf5
29.Qc5+ Kd8 30.Qb6+ Ke8 31.Qb3 Qe4 32.Qb4 Qxc2+ 33.Ke3 Qc1+ 34.Ke2 Bd7 35.c4 Bc6
36.Qc5 Qc2+ 37.Ke1 Qf5 38.Bh4 Qe6 39.Kf1 b6 40.Qa3 a5 41.Qc3 a4 42.Kg1 Qh6
43.Bg3 Qg6 44.e6 f6 45.Bc7 Qe4 46.Qg3 a3 47.Kh2 a2  0-1

[Event "POL-chTJ"]
[Site "Poland"]
[Date "1996.??.??"]
[Round "?"]
[White "Panas, Pawel"]
[Black "Jakubowski, Tomasz"]
[Result "0-1"]
[WhiteElo "2215"]
[BlackElo "2205"]

1.e4 c5 2.Nf3 d6 3.d4 cxd4 4.Nxd4 Nf6 5.Nc3 a6 6.Be3 e5 7.Nb3 Be6 8.Qe2 Nbd7
9.f3 b5 10.O-O-O Be7 11.g4 O-O 12.Qf2 Bxg4 13.Rg1 Bh5 14.h4 Bg6 15.Bh3 b4
16.Na4 Qc7 17.Nb6 Rab8 18.Nxd7 Nxd7 19.f4 Bxe4 20.Bxd7 Qxd7 21.fxe5 Qc7 22.Rd2 dxe5
23.Nc5 Bxc5 24.Bxc5 Rfd8 25.Rxd8+ Qxd8 26.Rd1 Qe8 27.Qe3 Bg6 28.Rd6 a5 29.Rd5 f6
30.Bb6 Qc6 31.Rc5 Kf7 32.Qb3+ Ke7  0-1

[Event "POL-ch"]
[Site "Poland"]
[Date "1996.??.??"]
[Round "7"]
[White "Grabarczyk, Bogdan"]
[Black "Kuczynski, Robert"]
[Result "1-0"]
[WhiteElo "2420"]
[BlackElo "2495"]

1.e4 c5 2.Nf3 d6 3.d4 cxd4 4.Nxd4 Nf6 5.Nc3 a6 6.Be3 e5 7.Nb3 Be6 8.Qd2 Nbd7
9.f3 b5 10.g4 Nb6 11.g5 Nfd7 12.Nd5 Bxd5 13.exd5 Qc7 14.h4 Rc8 15.Rh2 Be7
16.O-O-O Nc4 17.Bxc4 bxc4 18.Na5 c3 19.Qxc3 Qxc3 20.bxc3 Bd8 21.Nc6 Bb6 22.Re2 Bxe3+
23.Rxe3 Nb6 24.c4 Nxc4 25.Rb3 Kd7 26.Re1 Rxc6 27.dxc6+ Kxc6 28.f4 h6 29.Rc3 d5
30.fxe5 hxg5 31.hxg5 Re8 32.g6 fxg6 33.e6 Kd6 34.Rg3 Ne5 35.Ra3 a5 36.Rxa5 Kxe6
37.Kd1 Rb8 38.a4 Rb1+ 39.Kd2 Rb4 40.Ra8 Kd6 41.Ra6+ Nc6 42.Rg1 Kc5 43.Rxg6 Ne5
44.Rxg7 Rh4 45.Rc7+ Kb4 46.Rb6+ Ka3 47.Rb3+ Ka2 48.Rb5 Rd4+ 49.Kc3 Rd1 50.Rb2+ Ka3
51.Rb3+ Ka2 52.a5 d4+ 53.Kb4 d3 54.cxd3 Nxd3+ 55.Rxd3 Rxd3 56.a6  1-0

[Event "POL-ch"]
[Site "Poland"]
[Date "1996.??.??"]
[Round "9"]
[White "Socko, Bartosz"]
[Black "Kuczynski, Robert"]
[Result "1/2-1/2"]
[WhiteElo "2455"]
[BlackElo "2495"]

1.e4 c5 2.Nf3 d6 3.d4 cxd4 4.Nxd4 Nf6 5.Nc3 a6 6.Be3 e5 7.Nb3 Be7 8.f3 Be6
9.Qd2 Nbd7 10.g4 O-O 11.g5 Nh5 12.O-O-O Qc7 13.Kb1 b5 14.Ne2 Rfc8 15.f4 exf4
16.Nxf4 Nxf4 17.Bxf4 Nc5 18.Nxc5 Qxc5 19.Bg2 b4 20.h4 a5 21.Bh3 a4 22.Bxe6 fxe6
23.Rh3 Rf8 24.a3 bxa3  1/2-1/2

[Event "POL-ch"]
[Site "Poland"]
[Date "1996.??.??"]
[Round "12"]
[White "Grabarczyk, Bogdan"]
[Black "Kempinski, Robert"]
[Result "0-1"]
[WhiteElo "2420"]
[BlackElo "2475"]

1.e4 c5 2.Nf3 d6 3.d4 cxd4 4.Nxd4 Nf6 5.Nc3 a6 6.Be3 Ng4 7.Bg5 h6 8.Bh4 g5
9.Be2 Bg7 10.Bg3 h5 11.Bxg4 Bxg4 12.f3 Bc8 13.Bf2 e6 14.Qd2 Nd7 15.Be3 Ne5
16.b3 Bf6 17.O-O Bd7 18.Kh1 Rg8 19.Nce2 b5 20.Nc1 Qc7 21.Nd3 Rc8 22.Rad1 Qc3
23.Qf2 Qa5 24.Nc1 Rg6 25.Nde2 Qc7 26.c3 Bc6 27.Nd3 Bb7 28.Rd2 d5 29.Bb6 Qb8
30.exd5 Nxd3 31.Rxd3 Bxd5 32.Bd4 Be7 33.Re3 Bd6 34.Rd1 Kf8 35.Ng3 h4 36.Ne4 Bxh2
37.Nf6 Bg3 38.Qb2 Rxf6 39.Bxf6 Qf4 40.Qa3+ Kg8 41.Bd4 h3 42.Qb2 Qh4 43.Qd2 g4
44.gxh3 Bf2 45.Kg2 gxf3+ 46.Rxf3 Qg3+ 47.Kf1 Bxf3  0-1

[Event "POL-ch"]
[Site "Poland"]
[Date "1996.??.??"]
[Round "14"]
[White "Socko, Bartosz"]
[Black "Kempinski, Robert"]
[Result "1-0"]
[WhiteElo "2455"]
[BlackElo "2475"]

1.e4 c5 2.Nf3 d6 3.d4 cxd4 4.Nxd4 Nf6 5.Nc3 a6 6.Be3 e5 7.Nb3 Be6 8.f3 Be7
9.Qd2 O-O 10.O-O-O b5 11.g4 b4 12.Nd5 Bxd5 13.exd5 a5 14.Kb1 a4 15.Nc1 Qa5
16.h4 Na6 17.h5 Nc5 18.g5 Nfd7 19.g6 fxg6 20.hxg6 hxg6 21.Nd3 b3 22.Bh3 bxa2+
23.Ka1 Qxd2 24.Rxd2 Kf7 25.Kxa2 Bf6 26.Nf2 Rfb8 27.Bxd7 Nxd7 28.Ne4 Ke7 29.Rg1 Nf8
30.Rd3 Rb7 31.Rg2 Rab8 32.b3 Ra8 33.Kb2 Ra6 34.Rg1 axb3 35.Rxb3 Rc7 36.c3 Kf7
37.Rb6 Rxb6+ 38.Bxb6 Rd7 39.c4 Be7 40.Kc3 Rb7 41.Be3 Nd7 42.Ra1 Nf6 43.Ng5+ Ke8
44.Ra8+ Kd7 45.Ne6 e4 46.f4 Ng4 47.Bd4 Bf6 48.c5  1-0

[Event "Portoroz"]
[Site "Portoroz"]
[Date "1996.??.??"]
[Round "?"]
[White "Rogic, Davor"]
[Black "Kragelj, Igor"]
[Result "1-0"]
[WhiteElo "2445"]
[BlackElo "2195"]

1.e4 c5 2.Nf3 d6 3.d4 cxd4 4.Nxd4 Nf6 5.Nc3 a6 6.Be3 e6 7.Be2 Be7 8.O-O Nc6
9.f4 Qc7 10.Kh1 O-O 11.a4 Re8 12.Bf3 Rb8 13.Qd2 Bd7 14.Nb3 b6 15.Qf2 Nb4
16.e5 Nfd5 17.Nxd5 Nxd5 18.Bxd5 exd5 19.Nd4 Bf8 20.c3 Kh8 21.Qf3 Rbd8 22.Bf2 Bc8
23.Bg3 Kg8 24.Bh4 Be7 25.Bg3 Bf8 26.Rae1 dxe5 27.fxe5 Be6 28.Bh4 Rc8 29.Re3 Qd7
30.Qf4 h6 31.Bf2 Be7 32.Rg3 Bg5 33.Qf3 Qe7 34.Be3 Bxe3 35.Qxe3 Kh8 36.b3 Qf8
37.Rgf3 Rc7 38.Qd3 Bc8 39.Qg6 fxg6 40.Rxf8+ Rxf8 41.Rxf8+ Kh7 42.e6  1-0

[Event "CRO-Cup"]
[Site "Pula"]
[Date "1996.??.??"]
[Round "?"]
[White "Kutuzovic, Branko"]
[Black "Jukic, Mirko"]
[Result "1-0"]
[WhiteElo "2405"]
[BlackElo "2470"]

1.e4 c5 2.Nf3 d6 3.d4 cxd4 4.Nxd4 Nf6 5.Nc3 a6 6.Be3 e6 7.f3 b5 8.g4 Nfd7
9.Qd2 Nb6 10.Qf2 N8d7 11.O-O-O Bb7 12.Bd3 Rc8 13.Qe1 Nc4 14.Bf2 Nde5 15.Kb1 Be7
16.h4 Qc7 17.Nce2 O-O 18.g5 d5 19.Ng3 dxe4 20.Nxe4 Nxd3 21.cxd3 Nb6 22.Qd2 Nd5
23.Bg3 Qd8 24.Nc2 b4 25.Be5 Qa5 26.Bd4 Rfd8 27.Rc1 Qb5 28.g6 fxg6 29.h5 Nc3+
30.Ka1 Nxe4 31.fxe4 e5 32.hxg6 hxg6 33.Qh2 Bf6 34.Rcf1 exd4 35.Qh7+ Kf7 36.Rxf6+ Kxf6
37.Rf1+ Ke5 38.Qxg7+ Kd6 39.Rf6+ Kc5 40.Qe7+  1-0

[Event "Regensburg op"]
[Site "Regensburg"]
[Date "1996.??.??"]
[Round "3"]
[White "Lanka, Zigurds"]
[Black "Seitz, Michael"]
[Result "1-0"]
[WhiteElo "2510"]
[BlackElo "2250"]

1.e4 c5 2.Nf3 d6 3.d4 cxd4 4.Nxd4 Nf6 5.Nc3 a6 6.Be3 e5 7.Nb3 Be6 8.f4 Ng4
9.Bd2 exf4 10.Bxf4 Nc6 11.Qd2 Be7 12.O-O-O Nge5 13.Kb1 O-O 14.h3 Re8 15.g4 Rc8
16.Nd5 Bf8 17.g5 b5 18.h4 Bg4 19.Rc1 Bf3 20.Bg2 Nc4 21.Qf2 Bxe4 22.Bxe4 Rxe4
23.h5 Qd7 24.Qg2 Rxf4 25.Nxf4 N6e5 26.g6 fxg6 27.hxg6 h6 28.Nd4 Be7 29.Rcg1 Bf6
30.Nh5  1-0

[Event "Rieden op"]
[Site "Rieden"]
[Date "1996.??.??"]
[Round "?"]
[White "Madl, Ildiko"]
[Black "Pflug, Matthias"]
[Result "1/2-1/2"]
[WhiteElo "2385"]
[BlackElo "2150"]

1.e4 c5 2.Nf3 d6 3.d4 cxd4 4.Nxd4 Nf6 5.Nc3 a6 6.Be3 Ng4 7.Bg5 h6 8.Bh4 g5
9.Bg3 h5 10.h4 gxh4 11.Bxh4 Nc6 12.Nb3 Be6 13.Qd2 Bh6 14.Bg5 Bxg5 15.Qxg5 Qb6
16.Qd2 O-O-O 17.Na4 Qa7 18.c4 h4 19.Rc1 h3 20.gxh3 Nce5 21.Rc3 Bd7 22.Bg2 Nf6
23.f4 Ng6 24.e5 Nh5 25.c5 Bxa4 26.cxd6+ Kb8 27.Rc7 Rd7 28.Nc5 Rxc7 29.dxc7+ Kxc7
30.Qa5+ Qb6 31.Qxb6+ Kxb6 32.Nxa4+ Ka5 33.Nc5 Nhxf4 34.Bxb7 Kb6 35.b4 Nxe5
36.O-O Nxh3+ 37.Kg2 a5 38.a3 axb4 39.axb4 Kb5 40.Kg3 Ng5 41.Rf4 e6 42.Ba6+ Kb6
43.Bf1 Rg8 44.Kf2 Rd8 45.Ke2 f5 46.Na4+ Kc7 47.Bg2 Rb8 48.Nc5 Kd6 49.Kd2 Nc6  1/2-1/2

[Event "EU-ch U18"]
[Site "Rimavska Sobota"]
[Date "1996.??.??"]
[Round "2"]
[White "Simacek, Pavel"]
[Black "Istrate, Bogdan"]
[Result "0-1"]
[WhiteElo "2285"]
[BlackElo "2280"]

1.e4 c5 2.Nf3 d6 3.d4 Nf6 4.Nc3 cxd4 5.Nxd4 a6 6.Be3 e6 7.g4 h6 8.f3 b5 9.h4 Bb7
10.Rg1 Nfd7 11.g5 hxg5 12.Bxg5 Qb6 13.Qd2 Nc6 14.Nce2 Nde5 15.O-O-O Nc4 16.Qe1 Qa5
17.Qxa5 N4xa5 18.Rh1 Nxd4 19.Nxd4 Nc6 20.Nxc6 Bxc6 21.c4 Be7 22.Be2 bxc4
23.Bxc4 Rc8 24.Bxe7 Kxe7 25.Kd2 Bxe4 26.Bxa6 Rc2+ 27.Ke3 Bd5 28.Rd2 Rxd2
29.Kxd2 Ra8 30.Be2 Rxa2 31.Kc3 Ra4 32.h5 Ra7 33.h6 Rc7+ 34.Kd2 gxh6 35.Rxh6 Bc4
36.Bd1 Rc5 37.Bc2 Bd5 38.f4 Rc4 39.f5 Rf4 40.fxe6 fxe6 41.Bd3 Rb4 42.Kc3 Rb3+
43.Kc2 Kd7 44.Rh8 Kc7 45.Re8 e5 46.Rh8 Rb4 47.Bf5 Rf4 48.Bh3 Kb6 49.Bd7 Rf7
50.Bg4 Rg7 51.Rh4 Rc7+ 52.Kd3 Rc4 53.b3 Rd4+  0-1

[Event "EU-ch U16 Girls"]
[Site "Rimavska Sobota"]
[Date "1996.??.??"]
[Round "5"]
[White "Ionica, Iulia"]
[Black "Iwaniuk, Dorota"]
[Result "1-0"]
[WhiteElo "2140"]
[BlackElo "2150"]

1.e4 c5 2.Nf3 d6 3.d4 cxd4 4.Nxd4 Nf6 5.Nc3 a6 6.Be3 e5 7.Nb3 Be6 8.f3 Nbd7
9.Qd2 b5 10.g4 Nb6 11.g5 Nh5 12.Nd5 Nxd5 13.exd5 Bd7 14.Rg1 Be7 15.O-O-O O-O
16.Nc5 Bf5 17.Ne4 Rc8 18.h4 Qd7 19.Bd3 Rc7 20.f4 exf4 21.Bxf4 Bxe4 22.Bxe4 Rc4
23.Rde1 Nxf4 24.Qxf4 f5 25.gxf6 Bxf6 26.Qh6 Rxe4 27.Rxe4 Qf5 28.Re7 g5 29.Rc7 g4
30.Rxg4+  1-0

[Event "EU-ch U16"]
[Site "Rimavska Sobota"]
[Date "1996.??.??"]
[Round "6"]
[White "Horvath, Adam"]
[Black "Smetankin, Stanislav"]
[Result "0-1"]
[WhiteElo "2245"]
[BlackElo "2385"]

1.e4 c5 2.Nf3 d6 3.d4 cxd4 4.Nxd4 Nf6 5.Nc3 a6 6.Be3 e6 7.f3 b5 8.Qd2 Bb7
9.g4 Nfd7 10.h4 Nb6 11.Qf2 N8d7 12.a3 Rc8 13.g5 d5 14.Ndxb5 axb5 15.Bxb5 Nc4
16.exd5 e5 17.b4 Nxa3 18.Bb6 Bxb4 19.Bxd8 Bxc3+ 20.Kf1 Nxb5 21.Ra5 Rxd8 22.Rxb5 Ba6
23.Kg2 Bxb5 24.Rb1 Bc4 25.d6 O-O 26.Qa7 Bd4 27.Qc7 Be6 28.Qa5 Rc8  0-1